000 00658nam a2200253Ia 4500
003 OSt
005 20220918163216.0
006 a|||||r|||| 00| 0
007 ta
008 220917b |||||||| |||| 00| 0 eng d
020 _a0 297 81822 8
024 _a29,964
037 _cTextual
040 _aARTS
_cARTS
_beng
041 _2eng
_aeng
082 _aO111, 3N04:g, N7
100 _aWest W J
_912012
245 0 _aQuest for graham Greene
260 _aLondon
_bWeidenfeld UK
_c1997
300 _axv, 286p.
_ccm.
650 _aENGLISH LITERATURE
942 _hO111, 3N04:g, N7
_cTEXL
_2CC
999 _c118459
_d118459